LEADER 04131nam 2201045 450 001 9910807861403321 005 20200520144314.0 010 $a0520958284 024 7 $a10.1525/9780520958289 035 $a(CKB)3710000000161388 035 $a(EBL)1711002 035 $a(SSID)ssj0001262009 035 $a(PQKBManifestationID)11857419 035 $a(PQKBTitleCode)TC0001262009 035 $a(PQKBWorkID)11211098 035 $a(PQKB)10844357 035 $a(MiAaPQ)EBC1711002 035 $a(DE-B1597)519413 035 $a(OCoLC)882769469 035 $a(DE-B1597)9780520958289 035 $a(Au-PeEL)EBL1711002 035 $a(CaPaEBR)ebr10888752 035 $a(CaONFJC)MIL623612 035 $a(EXLCZ)993710000000161388 100 $a20140717h20142014 uy 0 101 0 $aeng 135 $aur||#|||||||| 181 $ctxt$2rdacontent 182 $cc$2rdamedia 183 $acr$2rdacarrier 200 10$aIllegality, Inc. $eclandestine migration and the business of bordering Europe /$fRuben Andersson 210 1$aOakland, California :$cUniversity of California Press,$d2014. 210 4$d©2014 215 $a1 online resource (361 pages) 225 1 $aCalifornia Series in Public Anthropology ;$v28 300 $aDescription based upon print version of record. 311 1 $a0520282515 320 $aIncludes bibliographical references and index. 327 $aPart 1. Borderlands -- Part 2. Crossings -- Part 3. Confrontations. 330 $aIn this groundbreaking ethnography, Ruben Andersson, a gifted anthropologist and journalist, travels along the clandestine migration trail from Senegal and Mali to the Spanish North African enclaves of Ceuta and Melilla. Through the voices of his informants, Andersson explores, viscerally and emphatically, how Europe's increasingly powerful border regime meets and interacts with its target-the clandestine migrant. This vivid, rich work examines the subterranean migration flow from Africa to Europe, and shifts the focus from the "illegal immigrants" themselves to the vast industry built around their movements. This fascinating and accessible book is a must-read for anyone interested in the politics of international migration and the changing texture of global culture. 410 0$aCalifornia series in public anthropology ;$v28. 606 $aNoncitizens$zSpain$zCueta$vCase studies 606 $aNoncitizens$zSpain$zMelilla$vCase studies 606 $aIllegal immigration$zSpain$zMelilla$vCase studies 607 $aSenegal$xEmigration and immigration$vCase studies 607 $aCeuta (Spain)$xEmigration and immigration$vCase studies 607 $aMelilla (Spain)$xEmigration and immigration$vCase studies 607 $aMali$xEmigration and immigration$vCase studies 610 $aafrica to europe. 610 $aafrican migration. 610 $aanthropology. 610 $aborder crossings. 610 $aborder regime. 610 $aborderlands. 610 $acalifornia series in public anthropology. 610 $acivic. 610 $aclandestine migration trail. 610 $aconfrontations. 610 $acultural anthropology. 610 $acultural studies. 610 $aemigration and immigration studies. 610 $aethnographic research. 610 $aeurope. 610 $aglobal culture. 610 $aglobal disaster. 610 $ahistory. 610 $aillegal immigrants. 610 $ainternational drama. 610 $ainternational migration. 610 $ajournalism. 610 $amali. 610 $amigrants. 610 $amigration. 610 $anational security. 610 $apolitics. 610 $apowerful border. 610 $asenegal. 610 $asubterranean migration. 615 0$aNoncitizens 615 0$aNoncitizens 615 0$aIllegal immigration 676 $a364.1/370964 700 $aAndersson$b Ruben$f1977-$01688930 801 0$bMiAaPQ 801 1$bMiAaPQ 801 2$bMiAaPQ 906 $aBOOK 912 $a9910807861403321 996 $aIllegality, Inc$94063557 997 $aUNINA LEADER 02817nas 2200757-a 450 001 9910893037403321 005 20260218110842.0 035 $a(CKB)991042728892066 035 $a(CONSER)---85649993- 035 $a(DE-599)ZDB2133274-5 035 $a(DE-599)2133274-5 035 $a(EXLCZ)99991042728892066 100 $a19850501b19841998 -a- b 101 0 $afre 181 $ctxt$2rdacontent 182 $cc$2rdamedia 183 $acr$2rdacarrier 200 00$aSolidarité, santé$iEtudes statistiques /$fMinistère des affaires sociales et de la solidarité nationale 210 $aParis $cMinistère des affaires sociales et de la solidarité nationale $cDiffusé par la Documentation française$d1984- 215 $a1 online resource 311 08$aPrint version: Solidarité, santé. 0764-4493 (DLC) 85649993 (OCoLC)11987561 606 $aHealth status indicators$zFrance$vPeriodicals 606 $aMedical care$zFrance$vStatistics$vPeriodicals 606 $aSocial security$zFrance$vStatistics$vPeriodicals 606 $aHealth surveys$zFrance$vPeriodicals 606 $aDelivery of Health Care 606 $aHealth Status Indicators 606 $aHealth Surveys 606 $aSocial Security 606 $aSécurité sociale$zFrance$vStatistiques$vPériodiques 606 $aSanté publique$zFrance$vStatistiques$vPériodiques 606 $aHealth status indicators$2fast$3(OCoLC)fst00953343 606 $aHealth surveys$2fast$3(OCoLC)fst00953352 606 $aMedical care$2fast$3(OCoLC)fst01013753 606 $aSocial security$2fast$3(OCoLC)fst01123077 606 $aMedical statistics$2fast$3(OCoLC)fst01014672 607 $aFrance$xStatistics, Medical$vPeriodicals 607 $aFrance 607 $aFrance$vStatistiques médicales$vPériodiques 607 $aFrance$2fast 608 $aPeriodical. 608 $aStatistics. 608 $aPeriodicals.$2fast 608 $aStatistics.$2fast 615 0$aHealth status indicators 615 0$aMedical care 615 0$aSocial security 615 0$aHealth surveys 615 2$aDelivery of Health Care. 615 2$aHealth Status Indicators. 615 2$aHealth Surveys. 615 2$aSocial Security. 615 6$aSécurité sociale 615 6$aSanté publique 615 7$aHealth status indicators. 615 7$aHealth surveys. 615 7$aMedical care. 615 7$aSocial security. 615 7$aMedical statistics. 676 $a362.1/0944/021 712 02$aFrance.$bMiniste?re des affaires sociales et de la solidarite? nationale.$bService des statistiques, des e?tudes et des syste?mes d'information. 906 $aJOURNAL 912 $a9910893037403321 920 $aexl_impl conversion 996 $aSolidarité, santé$94250082 997 $aUNINA